00696nam a2200241 a 4500001001300000003000900013005001700022008004100039020001000080082001500090100001600105245003600121260006300157300000900220500003500229505001000264650002200274700001600296902000800312942000700320952011200327999001500439nice12345678IN_TiNIC20260116012632.0050524s1974 fora grp 000 0 eng  ac2.500a269.2bELD aElder, John aBiblical Approach to the Muslim aFort Washington PAbWorldwide Evangelization Crusadec1974 a135p aincludes index and biblioraphy2 aIndex aEvangelistic Work1 aElder, John bSRS cBK 001040708StackRoom-aHMIbHMId2011-06-17g2.50l0o269.2 ELDp011141r2011-06-17v2.50w2005-05-24yBK c7747d7747